000 00272nam a22001217a 4500
008 180307b xxu||||| |||| 00| 0 eng d
041 _aeng
080 _a621
100 _a27
101 _amec
245 _amilking nachines and mastitis
_cdaniel.o.n
942 _2udc
_cBK
999 _c44304
_d44304